Culture Générale #7 - Statistiques

Statistiques générales
  • Ce quiz a été pris 186 fois
  • Le résultat moyen est 10 sur 15
Statistiques - réponses
Question Réponse % Correct
Quand Colomb a-t-il découvert l'Amérique ? 1492
100%
Combien de mètres font un miles ? 1.609 m
100%
Lequel de ces animaux possède une dentition ? Campagnol
100%
Si ni le chercheur ni le sujet testé ne connaissent les détails d'une expérience, cela s'appelle : Étude en double aveugle
100%
GPS signifie : Global Positioning System
100%
Qui est Candide dans la nouvelle de Voltaire ? Jeune homme
100%
Où se trouve l'île de Guernesey ? Manche
100%
Lequel de ces os fait partie de l'épaule ? Aucun d'eux
50%
La pédiatrie étudie les maladies des : Enfants
50%
Lequel d'entre eux est un titre traditionnel de la noblesse portugaise ? Fidalgo
50%
Quelle est la période actuelle sur l'échelle des temps géologiques ? Quaternaire
50%
Quand un métal est chauffé, il : se dilate
50%
Comment appelle-t-on un triangle dont un angle est supérieur à 90° ? Triangle obtusangle
50%
Quel médicament agit comme un dépresseur du système nerveux central ? Barbiturique
0%
Quel roman italien a été écrit par Umberto Eco ? Il nome della rosa
0%
Aucun quiz correspondant
Distribution des résultats
% des personnes avec chaque résultat
Percentile par nombre de réponses
Votre historique - résultats
Vous n’avez pas pris ce quiz